[Event "Mecklenburg VP LL2 Ost 2223"]
[Site "Mecklenburg VP"]
[Date "2023.05.07"]
[Round "9.2"]
[White "Jansen, Andreas1111"]
[Black "Stork, Michael"]
[Result "1-0"]
[WhiteElo "2098"]
[BlackElo "1975"]
[PlyCount "21"]
[EventDate "2022.10.23"]
[EventType "team-tourn"]
[EventRounds "9"]
[EventCountry "GER"]
[SourceTitle "EXT 2024"]
[Source "ChessBase"]
[SourceDate "2023.10.10"]
[SourceVersion "1"]
[SourceVersionDate "2023.10.10"]
[SourceQuality "1"]
[WhiteTeam "Graal Mueritz"]
[BlackTeam "Waren"]
[WhiteTeamCountry "GER"]
[BlackTeamCountry "GER"]

1. e4 c5 2. a3 Nc6 3. b4 cxb4 4. axb4 Nxb4 5. c3 Nc6 6. d4 d5 7. exd5 Qxd5 8. Na3 e5 9. Nb5 Qd8 10. d5 Bc5 11. Qe2 1-0

[Event "Mecklenburg VP Landesliga West 1920"]
[Site "Mecklenburg VP"]
[Date "2019.12.08"]
[Round "4.1"]
[White "Stork, Michael"]
[Black "Weyrich, Morten"]
[Result "0-1"]
[WhiteElo "1975"]
[BlackElo "2281"]
[PlyCount "97"]
[EventDate "2019.09.29"]
[EventType "team-tourn"]
[EventRounds "9"]
[EventCountry "GER"]
[SourceTitle "EXT 2023"]
[Source "ChessBase"]
[SourceDate "2022.10.05"]
[SourceVersion "1"]
[SourceVersionDate "2022.10.05"]
[SourceQuality "1"]
[WhiteTeam "Waren Malchow"]
[BlackTeam "Schwerin SF IV"]
[WhiteTeamCountry "GER"]
[BlackTeamCountry "GER"]

1. Nf3 d5 2. d4 e6 3. c4 Nf6 4. Nc3 a6 5. cxd5 exd5 6. Bg5 Be7 7. e3 0-0 8. Bd3 Nbd7 9. 0-0 b5 10. Rc1 Bb7 11. Qc2 Rc8 12. Bf5 g6 13. Bh3 Rb8 14. Rfd1 Kg7 15. Ne5 Nb6 16. Ne2 Bd6 17. Ng4 Nbd7 18. Bh6+ Kg8 19. Bxf8 Qxf8 20. Nxf6+ Nxf6 21. g3 Re8 22. Nf4 Qh6 23. Bg2 Ng4 24. h3 Nf6 25. Re1 g5 26. Nd3 Bc8 27. g4 Qh4 28. Ne5 Kf8 29. f4 Ne4 30. Rf1 gxf4 31. exf4 f6 32. Bxe4 dxe4 33. Qg2 Kg7 34. Nc6 e3 35. Rce1 Bxf4 36. Re2 Bg3 37. Qf3 Bf2+ 38. Kg2 Bd7 39. d5 h5 40. gxh5 Kh7 41. Rfxf2 exf2 42. Qd3+ Kh8 43. Rxe8+ Bxe8 44. Qf3 Bf7 45. Ne7 Bxh5 46. Qf5 Kg7 47. Nc6 Bg6 48. Qxf2 Be4+ 49. Kh2 0-1

[Event "Mecklenburg VP Landesliga West 1920"]
[Site "Mecklenburg VP"]
[Date "2019.09.29"]
[Round "1.1"]
[White "Stork, Michael"]
[Black "Fleischer, Martin"]
[Result "0-1"]
[WhiteElo "1975"]
[BlackElo "1885"]
[PlyCount "64"]
[EventDate "2019.09.29"]
[EventType "team-tourn"]
[EventRounds "9"]
[EventCountry "GER"]
[SourceTitle "EXT 2023"]
[Source "ChessBase"]
[SourceDate "2022.10.05"]
[SourceVersion "1"]
[SourceVersionDate "2022.10.05"]
[SourceQuality "1"]
[WhiteTeam "Waren Malchow"]
[BlackTeam "Schwerin SV Einheit"]
[WhiteTeamCountry "GER"]
[BlackTeamCountry "GER"]

1. Nf3 Nf6 2. c4 e6 3. Nc3 Bb4 4. Qc2 c5 5. g3 a6 6. Bg2 Ba5 7. 0-0 Nc6 8. a3 h6 9. d3 0-0 10. e4 Nd4 11. Nxd4 cxd4 12. Ne2 e5 13. f4 d6 14. h3 Bd7 15. f5 Qc8 16. Kh2 b5 17. b3 Bd8 18. Bd2 Rb8 19. Bb4 Ne8 20. h4 Be7 21. Rac1 Qd8 22. Ng1 a5 23. Be1 bxc4 24. dxc4 Qb6 25. Rf3 Nf6 26. b4 axb4 27. Bxb4 Ng4+ 28. Kh1 Ne3 29. Qe2 Bc6 30. Qd3 Rfc8 31. Ne2 Nxg2 32. Kxg2 Qb7 0-1

[Event "Mecklenburg VP LL2 West 1819"]
[Site "Mecklenburg VP"]
[Date "2019.04.07"]
[Round "9.1"]
[White "Stork, Michael"]
[Black "Menkhaus, Wolf Dieter"]
[Result "1/2-1/2"]
[WhiteElo "1975"]
[BlackElo "1904"]
[PlyCount "72"]
[EventDate "2018.10.21"]
[EventType "team-tourn"]
[EventRounds "9"]
[EventCountry "GER"]
[SourceTitle "EXT 2022"]
[Source "ChessBase"]
[SourceDate "2021.10.06"]
[SourceVersion "1"]
[SourceVersionDate "2021.10.06"]
[SourceQuality "1"]
[WhiteTeam "Waren Malchow"]
[BlackTeam "Rostock SSC 07 II"]
[WhiteTeamCountry "GER"]
[BlackTeamCountry "GER"]

1. Nf3 Nf6 2. c4 g6 3. Nc3 c5 4. e4 Bg7 5. d4 cxd4 6. Nxd4 Nc6 7. Be3 Ng4 8. Qxg4 Nxd4 9. Qd1 Ne6 10. Rc1 b6 11. Be2 Bb7 12. f3 0-0 13. 0-0 d6 14. Qd2 Qd7 15. Rfd1 Rac8 16. Nd5 Rfe8 17. b3 Bc6 18. Qe1 Qb7 19. Qh4 Bxd5 20. Rxd5 a5 21. Qf2 Rc6 22. f4 Nc5 23. Bf3 Qc7 24. Rd2 Qb8 25. e5 Rcc8 26. exd6 exd6 27. Rcd1 Ne4 28. Bxe4 Rxe4 29. Rxd6 b5 30. c5 Rce8 31. R1d3 Bf8 32. R6d5 Qb7 33. Bd2 Re2 34. Qg3 Qc6 35. b4 axb4 36. Bxb4 Rxa2 1/2-1/2

[Event "Mecklenburg VP LL2 West 1819"]
[Site "Mecklenburg VP"]
[Date "2018.12.16"]
[Round "4.1"]
[White "Stork, Michael"]
[Black "Rabinowitsch, Juri"]
[Result "1-0"]
[WhiteElo "1975"]
[BlackElo "1910"]
[PlyCount "71"]
[EventDate "2018.10.21"]
[EventType "team-tourn"]
[EventRounds "9"]
[EventCountry "GER"]
[SourceTitle "EXT 2022"]
[Source "ChessBase"]
[SourceDate "2021.10.06"]
[SourceVersion "1"]
[SourceVersionDate "2021.10.06"]
[SourceQuality "1"]
[WhiteTeam "Waren Malchow"]
[BlackTeam "Schwerin SF IV"]
[WhiteTeamCountry "GER"]
[BlackTeamCountry "GER"]

1. Nf3 c5 2. c4 Nf6 3. Nc3 Nc6 4. g3 d6 5. Bg2 e6 6. 0-0 Be7 7. d4 cxd4 8. Nxd4 Bd7 9. Ndb5 Qb8 10. Bf4 e5 11. Bg5 a6 12. Na3 h6 13. Be3 0-0 14. Na4 Bd8 15. Nb6 Bxb6 16. Bxb6 Be6 17. Rc1 Nd7 18. Be3 Qc7 19. Qd2 Rfd8 20. Rfd1 Nf6 21. Bd5 Qe7 22. Bb6 Rd7 23. f3 Re8 24. e4 Kh7 25. b4 Bxd5 26. cxd5 Nb8 27. Rc3 Qf8 28. Rdc1 Rde7 29. Nc4 Rd7 30. Ne3 g6 31. R1c2 Rde7 32. Nc4 Rd7 33. Qc1 Rc8 34. Na5 Rxc3 35. Rxc3 Qe7 36. Rc8 1-0

[Event "Mecklenburg VP LL2 West 1819"]
[Site "Mecklenburg VP"]
[Date "2018.11.11"]
[Round "2.1"]
[White "Stork, Michael"]
[Black "Moeller, Peter"]
[Result "1/2-1/2"]
[WhiteElo "1975"]
[BlackElo "2070"]
[PlyCount "95"]
[EventDate "2018.10.21"]
[EventType "team-tourn"]
[EventRounds "9"]
[EventCountry "GER"]
[SourceTitle "EXT 2022"]
[Source "ChessBase"]
[SourceDate "2021.10.06"]
[SourceVersion "1"]
[SourceVersionDate "2021.10.06"]
[SourceQuality "1"]
[WhiteTeam "Waren Malchow"]
[BlackTeam "Rostock HSG Uni"]
[WhiteTeamCountry "GER"]
[BlackTeamCountry "GER"]

1. Nf3 Nf6 2. c4 g6 3. Nc3 Bg7 4. e4 d6 5. d4 0-0 6. Be2 e5 7. 0-0 Nc6 8. d5 Ne7 9. b4 Nh5 10. Re1 f5 11. Ng5 Nf6 12. f3 Kh8 13. Ne6 Bxe6 14. dxe6 Nc6 15. Nd5 Ng8 16. Be3 Re8 17. b5 Nd4 18. Bxd4 exd4 19. exf5 gxf5 20. Bd3 c6 21. bxc6 bxc6 22. Nb4 Rc8 23. f4 a5 24. Nc2 Qf6 25. Qh5 Nh6 26. Re2 Re7 27. Rae1 Rb8 28. Qf3 Rc8 29. h3 Bf8 30. g4 fxg4 31. hxg4 Nxg4 32. Rg2 Ne3 33. Nxe3 dxe3 34. Qxe3 Bh6 35. Rg4 Rg8 36. Rxg8+ Kxg8 37. Re2 Bxf4 38. Rg2+ Rg7 39. Qe4 Qa1+ 40. Bb1 Rxg2+ 41. Kxg2 Qg7+ 42. Kf1 Bg5 43. Ke2 Be7 44. Bd3 h5 45. Qxc6 Qg4+ 46. Kd2 Bg5+ 47. Kc2 Qxe6 48. Qa8+ 1/2-1/2

[Event "Mecklenburg VP LL2 West 1718"]
[Site "Mecklenburg VP"]
[Date "2018.03.18"]
[Round "7.1"]
[White "Buss, Stephan"]
[Black "Stork, Michael"]
[Result "0-1"]
[WhiteElo "1956"]
[BlackElo "1975"]
[PlyCount "116"]
[EventDate "2017.10.08"]
[EventType "team-tourn"]
[EventRounds "9"]
[EventCountry "GER"]
[SourceTitle "EXT 2022"]
[Source "ChessBase"]
[SourceDate "2021.10.06"]
[SourceVersion "1"]
[SourceVersionDate "2021.10.06"]
[SourceQuality "1"]
[WhiteTeam "Kuehlungsborn SV Empor"]
[BlackTeam "Waren Malchow"]
[WhiteTeamCountry "GER"]
[BlackTeamCountry "GER"]

1. e4 c5 2. Nf3 d6 3. c3 Nf6 4. d3 Nc6 5. Bg5 e6 6. Nbd2 Be7 7. Qc2 Bd7 8. Be2 0-0 9. Rd1 Rc8 10. h3 Re8 11. Bf4 e5 12. Bg5 Be6 13. Nf1 Qa5 14. b3 d5 15. Bd2 Qc7 16. g4 b5 17. Ng3 b4 18. g5 Nd7 19. Kf1 bxc3 20. Bxc3 Nd4 21. Qd2 Nf8 22. Bxd4 cxd4 23. Ne1 Ng6 24. Bf3 Nf4 25. h4 Qc3 26. Ne2 Qxd2 27. Rxd2 Bb4 28. Rd1 dxe4 29. dxe4 Nxe2 30. Bxe2 Bxe1 31. Kxe1 Rc2 32. Rd2 Rec8 33. Bd3 Rc1+ 34. Rd1 Bg4 35. Be2 Bxe2 36. Kxe2 R8c2+ 37. Kd3 Rc3+ 38. Ke2 R3c2+ 39. Kd3 Rxd1+ 40. Rxd1 Rxa2 41. Rc1 h6 42. f4 hxg5 43. hxg5 exf4 44. Kxd4 Rb2 45. Rc3 Rg2 46. Rc8+ Kh7 47. Rc7 Kg6 48. Rxa7 Rxg5 49. b4 Rg2 50. Ra1 Rb2 51. Kc5 Kf6 52. Ra6+ Ke5 53. Ra7 Kxe4 54. Rxf7 g5 55. b5 g4 56. Re7+ Kf3 57. b6 g3 58. Re1 Kf2 0-1

[Event "Mecklenburg VP LL2 West 1718"]
[Site "Mecklenburg VP"]
[Date "2018.02.25"]
[Round "6.1"]
[White "Stork, Michael"]
[Black "Montag, Ralf"]
[Result "1-0"]
[WhiteElo "1975"]
[BlackElo "2050"]
[PlyCount "61"]
[EventDate "2017.10.08"]
[EventType "team-tourn"]
[EventRounds "9"]
[EventCountry "GER"]
[SourceTitle "EXT 2022"]
[Source "ChessBase"]
[SourceDate "2021.10.06"]
[SourceVersion "1"]
[SourceVersionDate "2021.10.06"]
[SourceQuality "1"]
[WhiteTeam "Waren Malchow"]
[BlackTeam "Ludwigslust VT 2000"]
[WhiteTeamCountry "GER"]
[BlackTeamCountry "GER"]

1. Nf3 b6 2. g3 Bb7 3. Bg2 c5 4. c4 g6 5. Nc3 Bg7 6. 0-0 Nf6 7. d3 0-0 8. Bd2 d6 9. Rb1 Nc6 10. a3 Nd4 11. e4 Nd7 12. Nxd4 cxd4 13. Ne2 f5 14. Nf4 Nc5 15. b4 e5 16. bxc5 exf4 17. cxd6 fxg3 18. hxg3 fxe4 19. dxe4 Rc8 20. Qb3 Kh8 21. f4 g5 22. e5 Bxg2 23. Kxg2 Qd7 24. Rbc1 gxf4 25. Bxf4 Qg4 26. Qf3 Rxf4 27. Qxf4 Qe2+ 28. Rf2 Qxe5 29. Qxe5 Bxe5 30. d7 Rd8 31. Re1 1-0

[Event "Mecklenburg VP LL2 West 1718"]
[Site "Mecklenburg VP"]
[Date "2018.01.21"]
[Round "5.1"]
[White "Stork, Michael"]
[Black "Pingel, Falko"]
[Result "1-0"]
[WhiteElo "1975"]
[BlackElo "2021"]
[PlyCount "101"]
[EventDate "2017.10.08"]
[EventType "team-tourn"]
[EventRounds "9"]
[EventCountry "GER"]
[SourceTitle "EXT 2022"]
[Source "ChessBase"]
[SourceDate "2021.10.06"]
[SourceVersion "1"]
[SourceVersionDate "2021.10.06"]
[SourceQuality "1"]
[WhiteTeam "Waren Malchow"]
[BlackTeam "Parchim SV Blau-Weiss 69"]
[WhiteTeamCountry "GER"]
[BlackTeamCountry "GER"]

1. Nf3 e6 2. c4 d5 3. d4 Nf6 4. Nc3 Be7 5. Bg5 c6 6. e3 Nbd7 7. Rc1 b6 8. cxd5 exd5 9. Bd3 Bb7 10. 0-0 0-0 11. Qc2 h6 12. Bh4 Re8 13. Bf5 Nh5 14. Bxe7 Qxe7 15. Rfd1 Nhf6 16. Re1 Qd6 17. Qa4 a5 18. Qc2 Rad8 19. b3 Re7 20. Na4 Ree8 21. Nb2 Ne4 22. Bxd7 Rxd7 23. Ne5 Rc7 24. f3 Ng5 25. Nbd3 f6 26. Ng4 Bc8 27. Ndf2 h5 28. Qg6 Rce7 29. Qxh5 Be6 30. Qg6 Bf7 31. Qc2 Rc7 32. Nd3 Bg6 33. Qd2 Kf7 34. Nf4 Bf5 35. h4 Ne4 36. fxe4 Bxg4 37. exd5 g5 38. hxg5 fxg5 39. Nd3 Kg7 40. e4 Qh6 41. Rxc6 Rxc6 42. dxc6 Rh8 43. Nf2 Qh2+ 44. Kf1 Kg6 45. Nxg4 Rf8+ 46. Nf2 Qh1+ 47. Ke2 Qxg2 48. Qe3 g4 49. e5 g3 50. Qe4+ Qxe4+ 51. Nxe4 1-0

[Event "Mecklenburg VP LL2 West 1718"]
[Site "Mecklenburg VP"]
[Date "2017.11.12"]
[Round "2.1"]
[White "Graffenberger, Martin"]
[Black "Stork, Michael"]
[Result "0-1"]
[WhiteElo "1987"]
[BlackElo "1975"]
[PlyCount "96"]
[EventDate "2017.10.08"]
[EventType "team-tourn"]
[EventRounds "9"]
[EventCountry "GER"]
[SourceTitle "EXT 2022"]
[Source "ChessBase"]
[SourceDate "2021.10.06"]
[SourceVersion "1"]
[SourceVersionDate "2021.10.06"]
[SourceQuality "1"]
[WhiteTeam "Neukloster VfL Blau Weiss"]
[BlackTeam "Waren Malchow"]
[WhiteTeamCountry "GER"]
[BlackTeamCountry "GER"]

1. e4 c5 2. Nf3 d6 3. c3 Nf6 4. Bb5+ Bd7 5. Bxd7+ Qxd7 6. e5 dxe5 7. Nxe5 Qd5 8. Qa4+ Nbd7 9. Nxd7 Nxd7 10. 0-0 e6 11. d3 Be7 12. Bf4 e5 13. Bg3 0-0 14. Qe4 Qxe4 15. dxe4 f6 16. c4 Rfd8 17. Nc3 Rac8 18. Nd5 Bf8 19. Rad1 Nb8 20. Ne3 Nc6 21. Rxd8 Rxd8 22. Rd1 Nd4 23. Kf1 g6 24. f3 Bh6 25. Ng4 Bg7 26. Bh4 Rf8 27. Ne3 Kf7 28. Nd5 Ke6 29. Nc7+ Kd7 30. Nb5 a6 31. Nc3 Kc6 32. Bf2 f5 33. Be3 b5 34. cxb5+ axb5 35. b3 b4 36. Bxd4 exd4 37. Na4 fxe4 38. Ke2 exf3+ 39. gxf3 Re8+ 40. Kf2 Bh6 41. Nb2 Ra8 42. Na4 Bf4 43. Re1 Be3+ 44. Kg3 Re8 45. Kg2 Ra8 46. Re2 Kb5 47. Rc2 d3 48. Rc4 Rxa4 0-1

[Event "Mecklenburg VP LL2 West 1718"]
[Site "Mecklenburg VP"]
[Date "2017.10.08"]
[Round "?"]
[White "Stork, Michael"]
[Black "Wagner, Bernd"]
[Result "1-0"]
[WhiteElo "1975"]
[BlackElo "2144"]
[PlyCount "69"]
[EventDate "2017.10.08"]
[EventType "team-tourn"]
[EventRounds "9"]
[EventCountry "GER"]
[SourceTitle "EXT 2022"]
[Source "ChessBase"]
[SourceDate "2021.10.06"]
[SourceVersion "1"]
[SourceVersionDate "2021.10.06"]
[SourceQuality "1"]
[WhiteTeam "Waren Malchow"]
[BlackTeam "Wismar ASV Gruen-Weiss II"]
[WhiteTeamCountry "GER"]
[BlackTeamCountry "GER"]

1. Nf3 b6 2. g3 Bb7 3. Bg2 Nf6 4. c4 e6 5. Nc3 Be7 6. 0-0 d6 7. Re1 Nbd7 8. e4 0-0 9. d4 e5 10. d5 Re8 11. Be3 Nf8 12. h3 Bc8 13. Kh2 Kh8 14. Ng5 Ng4+ 15. hxg4 Bxg5 16. f4 exf4 17. gxf4 Bf6 18. g5 Bxc3 19. bxc3 f6 20. Qh5 fxg5 21. fxg5 g6 22. Bd4+ Kg8 23. Qh6 Qe7 24. Bf6 Qd7 25. Re3 c5 26. dxc6 Qc7 27. e5 Be6 28. exd6 Qxd6+ 29. Be5 Qe7 30. Bd5 a5 31. Rae1 Ra7 32. Kg2 Qc5 33. Rd3 Rf7 34. Rf1 Rxf1 35. Qg7# 1-0

[Event "Mecklenburg VP LL2 Ost 1617"]
[Site "Mecklenburg VP"]
[Date "2017.04.23"]
[Round "9.2"]
[White "Schwarz, Eckhard"]
[Black "Stork, Michael"]
[Result "0-1"]
[WhiteElo "1854"]
[BlackElo "2021"]
[PlyCount "50"]
[EventDate "2016.10.16"]
[EventType "team-tourn"]
[EventRounds "9"]
[EventCountry "GER"]
[SourceTitle "EXT 2022"]
[Source "ChessBase"]
[SourceDate "2021.10.06"]
[SourceVersion "1"]
[SourceVersionDate "2021.10.06"]
[SourceQuality "1"]
[WhiteTeam "Waterkant Saal SV"]
[BlackTeam "Waren Malchow"]
[WhiteTeamCountry "GER"]
[BlackTeamCountry "GER"]

1. e4 c5 2. Nf3 d6 3. c3 Nf6 4. Qc2 a6 5. d4 Qc7 6. Bg5 Nbd7 7. dxc5 Nxc5 8. Nbd2 e6 9. a4 b6 10. Nd4 Be7 11. Be2 Bb7 12. Bf3 0-0 13. 0-0 Rfe8 14. Rfe1 h6 15. Be3 Rad8 16. b4 Ncd7 17. Be2 d5 18. f3 Ne5 19. Rac1 Rc8 20. Qd1 Red8 21. h3 dxe4 22. Nxe4 Nxe4 23. fxe4 Nc4 24. Bf3 Nxe3 25. Rxe3 Rxd4 0-1

[Event "Mecklenburg VP LL2 Ost 1617"]
[Site "Mecklenburg VP"]
[Date "2017.01.15"]
[Round "5.1"]
[White "Stork, Michael"]
[Black "Moeller, Peter"]
[Result "0-1"]
[WhiteElo "2021"]
[BlackElo "1962"]
[PlyCount "120"]
[EventDate "2016.10.16"]
[EventType "team-tourn"]
[EventRounds "9"]
[EventCountry "GER"]
[SourceTitle "EXT 2022"]
[Source "ChessBase"]
[SourceDate "2021.10.06"]
[SourceVersion "1"]
[SourceVersionDate "2021.10.06"]
[SourceQuality "1"]
[WhiteTeam "Waren Malchow"]
[BlackTeam "Rostock HSG Uni"]
[WhiteTeamCountry "GER"]
[BlackTeamCountry "GER"]

1. Nf3 g6 2. d4 Bg7 3. e4 d6 4. c3 Nd7 5. Bc4 e6 6. 0-0 Ne7 7. Re1 0-0 8. Nbd2 c6 9. Nf1 d5 10. Bd3 dxe4 11. Bxe4 Qc7 12. Bg5 Nf6 13. Bd3 h6 14. Bh4 Nf5 15. Bxf5 exf5 16. Bxf6 Bxf6 17. Ng3 Be6 18. Qd2 Kg7 19. b3 Rad8 20. Rad1 c5 21. Qb2 Rd7 22. Re2 Rfd8 23. Red2 Bd5 24. Ne1 cxd4 25. cxd4 Bc6 26. Ne2 Qd6 27. Nc2 f4 28. f3 Bb5 29. a4 Ba6 30. b4 Bxe2 31. Rxe2 Qa6 32. Re4 Qxa4 33. Rxf4 Rc8 34. Ne3 Bg5 35. Ra1 Qxa1+ 36. Qxa1 Bxf4 37. Kf2 Re8 38. Ng4 Rd5 39. Qxa7 Re7 40. Qa2 Red7 41. g3 h5 42. gxf4 hxg4 43. fxg4 Rxd4 44. Qb2 Kg8 45. Ke3 Rd1 46. Qc3 Re7+ 47. Kf3 Rf1+ 48. Kg3 Re4 49. Qd2 Rb1 50. Qd8+ Kg7 51. g5 Rbxb4 52. Qf6+ Kg8 53. f5 Rb3+ 54. Kg2 Rg4+ 55. Kf2 Rf4+ 56. Ke2 Rxf5 57. Qd8+ Kh7 58. Qd2 Rh3 59. Ke1 b5 60. Qg2 Rh5 0-1

[Event "Mecklenburg VP LL2 West 1516"]
[Site "Mecklenburg VP"]
[Date "2016.02.21"]
[Round "6.1"]
[White "Stork, Michael"]
[Black "Krueger, Horst"]
[Result "1/2-1/2"]
[WhiteElo "1975"]
[BlackElo "2096"]
[PlyCount "90"]
[EventDate "2015.09.20"]
[EventType "team-tourn"]
[EventRounds "9"]
[EventCountry "GER"]
[SourceTitle "EXT 2022"]
[Source "ChessBase"]
[SourceDate "2021.10.06"]
[SourceVersion "1"]
[SourceVersionDate "2021.10.06"]
[SourceQuality "1"]
[WhiteTeam "Waren Malchow"]
[BlackTeam "Ludwigslust VT 2000"]
[WhiteTeamCountry "GER"]
[BlackTeamCountry "GER"]

1. Nf3 d5 2. d4 c6 3. c4 Nf6 4. Nc3 e6 5. Bg5 Nbd7 6. e3 Qa5 7. cxd5 exd5 8. Bd3 h6 9. Bh4 Bd6 10. 0-0 0-0 11. Rc1 Re8 12. Qc2 g5 13. Bg3 Bxg3 14. hxg3 Kg7 15. Rfe1 Nf8 16. a3 Qd8 17. b4 Ne6 18. Ne5 a6 19. Na4 Bd7 20. Bg6 Nf8 21. Bxf7 Re7 22. Bg6 Ng4 23. Nxg4 Nxg6 24. Nh2 Qf8 25. Nc5 Bf5 26. Qc3 Rae8 27. Nf3 Qf6 28. Ne5 h5 29. f4 g4 30. Kf2 h4 31. Rh1 Bc8 32. Rce1 Rh8 33. Nxg6 Kxg6 34. Nd3 Bf5 35. Ne5+ Kg7 36. Rc1 Kg8 37. Rcg1 hxg3+ 38. Kf1 Reh7 39. Rxh7 Rxh7 40. Qc5 Rh2 41. Qa7 Qe7 42. Ke2 Qg7 43. Qb8+ Kh7 44. Qd6 Rh6 45. Qc5 Rh2 1/2-1/2

[Event "Mecklenburg VP LL2 West 1516"]
[Site "Mecklenburg VP"]
[Date "2016.01.17"]
[Round "5.1"]
[White "Moeller, Peter"]
[Black "Stork, Michael"]
[Result "1/2-1/2"]
[WhiteElo "2072"]
[BlackElo "1975"]
[PlyCount "89"]
[EventDate "2015.09.20"]
[EventType "team-tourn"]
[EventRounds "9"]
[EventCountry "GER"]
[SourceTitle "EXT 2022"]
[Source "ChessBase"]
[SourceDate "2021.10.06"]
[SourceVersion "1"]
[SourceVersionDate "2021.10.06"]
[SourceQuality "1"]
[WhiteTeam "Rostock HSG Uni"]
[BlackTeam "Waren Malchow"]
[WhiteTeamCountry "GER"]
[BlackTeamCountry "GER"]

1. d4 Nf6 2. Bf4 g6 3. e3 Bg7 4. Nf3 d6 5. Be2 0-0 6. 0-0 c5 7. c3 Nh5 8. Bg5 h6 9. Bh4 Nd7 10. Nfd2 Nhf6 11. a4 Qc7 12. Na3 a6 13. Bg3 b6 14. h3 Bb7 15. Rc1 Rfe8 16. b4 e5 17. Nac4 Bf8 18. dxc5 bxc5 19. Na5 Rab8 20. Nxb7 Qxb7 21. b5 axb5 22. Bxb5 Red8 23. Qc2 d5 24. Nf3 Bd6 25. Rfd1 Qc7 26. Nd2 Rbc8 27. e4 d4 28. Nc4 Nb6 29. Nxb6 Qxb6 30. c4 Nh5 31. Bh2 Bc7 32. g4 Nf4 33. Bxf4 exf4 34. f3 Qf6 35. Rd3 Kg7 36. Kg2 Rh8 37. Rh1 h5 38. Rdd1 Rcd8 39. Qf2 Ba5 40. h4 hxg4 41. fxg4 Qd6 42. Rd3 Bc7 43. Kf3 Rh7 44. Qe1 Ra8 45. e5 1/2-1/2

[Event "Mecklenburg VP LL2 West 1516"]
[Site "Mecklenburg VP"]
[Date "2015.10.11"]
[Round "2.1"]
[White "Stork, Michael"]
[Black "Meier, Klaus"]
[Result "1/2-1/2"]
[WhiteElo "1975"]
[BlackElo "1990"]
[PlyCount "121"]
[EventDate "2015.09.20"]
[EventType "team-tourn"]
[EventRounds "9"]
[EventCountry "GER"]
[SourceTitle "EXT 2022"]
[Source "ChessBase"]
[SourceDate "2021.10.06"]
[SourceVersion "1"]
[SourceVersionDate "2021.10.06"]
[SourceQuality "1"]
[WhiteTeam "Waren Malchow"]
[BlackTeam "Ludwigslust VT 2000 II"]
[WhiteTeamCountry "GER"]
[BlackTeamCountry "GER"]

1. Nf3 c5 2. c4 g6 3. e4 Bg7 4. d4 cxd4 5. Nxd4 Nc6 6. Be3 d6 7. Nc3 Nf6 8. Be2 Nd7 9. 0-0 0-0 10. Qd2 Nc5 11. Rfd1 Ne6 12. Nb3 a5 13. a4 b6 14. Qe1 Rb8 15. Rab1 Qe8 16. Nb5 Ba6 17. f3 Nc5 18. Nxc5 bxc5 19. b3 Nb4 20. Qd2 Qc6 21. Bf1 Bc8 22. g3 f5 23. Bg2 Be6 24. Re1 Rfe8 25. Rbd1 fxe4 26. fxe4 Be5 27. Bg5 Bg4 28. Rc1 Qd7 29. Rf1 Rf8 30. Nc3 Nc6 31. Rxf8+ Rxf8 32. Nd5 e6 33. Nc3 Nd4 34. Rb1 Bf3 35. Bh6 Rf7 36. Nb5 Bxg2 37. Kxg2 Qd8 38. Nxd4 Bxd4 39. Rf1 Rxf1 40. Kxf1 Qf6+ 41. Kg2 Qd8 42. Qe2 Qf6 43. Qf3 Qxf3+ 44. Kxf3 Bc3 45. Bf4 e5 46. Bg5 Kf7 47. Bd8 Ke6 48. Kg4 Bd2 49. h3 Kd7 50. Bg5 Be1 51. Be3 Ke6 52. Bg5 h5+ 53. Kf3 Kf7 54. g4 hxg4+ 55. Kxg4 Bc3 56. h4 Be1 57. h5 gxh5+ 58. Kxh5 Bc3 59. Bd8 Ke8 60. Bb6 Ke7 61. Kg6 1/2-1/2

[Event "Mecklenburg VP LL2 Ost 1415"]
[Site "Mecklenburg VP"]
[Date "2015.04.12"]
[Round "8.1"]
[White "Stork, Michael"]
[Black "Zibell, Walter"]
[Result "0-1"]
[WhiteElo "2038"]
[BlackElo "1811"]
[PlyCount "136"]
[EventDate "2014.09.21"]
[EventType "team-tourn"]
[EventRounds "9"]
[EventCountry "GER"]
[SourceTitle "EXT 2022"]
[Source "ChessBase"]
[SourceDate "2021.10.06"]
[SourceVersion "1"]
[SourceVersionDate "2021.10.06"]
[SourceQuality "1"]
[WhiteTeam "Waren ESV"]
[BlackTeam "Neubrandenburg SG Eintracht III"]
[WhiteTeamCountry "GER"]
[BlackTeamCountry "GER"]

1. Nf3 c5 2. c4 g6 3. Nc3 Bg7 4. e3 d6 5. d4 cxd4 6. exd4 Nf6 7. Be2 0-0 8. 0-0 Nc6 9. d5 Nb4 10. a3 Na6 11. h3 Bd7 12. Be3 Qc8 13. Rc1 Nc5 14. Qc2 Bf5 15. Qd1 Nfe4 16. Nxe4 Nxe4 17. Nd4 Bd7 18. Bf3 f5 19. Re1 Be5 20. Bh6 Rf7 21. Bxe4 fxe4 22. Rxe4 Bxh3 23. Ne6 Bxe6 24. dxe6 Qxe6 25. Qe2 Qd7 26. c5 Rc8 27. Rd1 Qf5 28. f4 Bg7 29. Bxg7 Kxg7 30. cxd6 exd6 31. Rxd6 Rc1+ 32. Kh2 Qc5 33. Red4 Qf5 34. Qe5+ Qxe5 35. fxe5 Rcc7 36. e6 Rfe7 37. Rd7 Kf6 38. Re4 Rcxd7 39. exd7 Rxd7 40. Kg3 h5 41. Rb4 b6 42. Rb5 g5 43. Kf3 Rd2 44. g3 Rc2 45. Ke4 Rc5 46. Rb4 Re5+ 47. Kf3 Ke6 48. Ra4 a5 49. Rc4 Kd5 50. Rc8 Kd4 51. Rh8 Rf5+ 52. Ke2 g4 53. Rh6 b5 54. Kd2 Kc4 55. Kc2 a4 56. Rc6+ Kd4 57. Kd2 Ke4 58. Ke2 Rf3 59. Rc3 Rxc3 60. bxc3 Kd5 61. Ke3 Kc4 62. Kf4 Kxc3 63. Kg5 Kb3 64. Kxh5 Kxa3 65. Kxg4 b4 66. Kh5 b3 67. g4 b2 68. g5 b1Q 0-1

[Event "Mecklenburg VP LL2 Ost 1415"]
[Site "Mecklenburg VP"]
[Date "2014.11.23"]
[Round "3.1"]
[White "Stork, Michael"]
[Black "Koepcke, Klaus Peter"]
[Result "1-0"]
[WhiteElo "2038"]
[BlackElo "2141"]
[PlyCount "97"]
[EventDate "2014.09.21"]
[EventType "team-tourn"]
[EventRounds "9"]
[EventCountry "GER"]
[SourceTitle "EXT 2022"]
[Source "ChessBase"]
[SourceDate "2021.10.06"]
[SourceVersion "1"]
[SourceVersionDate "2021.10.06"]
[SourceQuality "1"]
[WhiteTeam "Waren ESV"]
[BlackTeam "Greifswald II"]
[WhiteTeamCountry "GER"]
[BlackTeamCountry "GER"]

1. Nf3 d5 2. d4 Nf6 3. c4 e6 4. Nc3 Be7 5. Bg5 Nbd7 6. e3 0-0 7. Rc1 c6 8. Bd3 h6 9. Bh4 Re8 10. 0-0 dxc4 11. Bxc4 Nd5 12. Bxe7 Qxe7 13. e4 N5b6 14. Bb3 Nf6 15. Re1 Bd7 16. e5 Nfd5 17. Ne4 Red8 18. Nd6 Be8 19. Qd3 f5 20. a4 Nc8 21. Bxd5 cxd5 22. Nb5 Bc6 23. Qb3 g5 24. a5 g4 25. Nd2 Qg5 26. Nf1 a6 27. Nc7 Ne7 28. Nxe6 Qh5 29. Nxd8 Rxd8 30. f4 Ng6 31. Ng3 Qh4 32. Nxf5 Qh5 33. Ng3 Qh4 34. Qe3 Ne7 35. f5 Rf8 36. Rf1 Bb5 37. Rf2 Nc6 38. Qd2 Qg5 39. Qxg5+ hxg5 40. Rxc6 Bxc6 41. Nh5 Bd7 42. Nf6+ Rxf6 43. exf6 Kf7 44. Re2 Bxf5 45. Re7+ Kxf6 46. Rxb7 Bd3 47. Kf2 g3+ 48. Kxg3 Kf5 49. Re7 1-0